Process Planning and Cost Estimation. (Record no. 1801)

MARC details
005 - DATE AND TIME OF LATEST TRANSACTION
control field 20250430073851.0
020 ## - INTERNATIONAL STANDARD BOOK NUMBER
International Standard Book Number 978-81-224-2605-2
082 ## - DEWEY DECIMAL CLASSIFICATION NUMBER
Classification number 658.159 KES
100 ## - MAIN ENTRY--PERSONAL NAME
Author name KESAVAN, R.
245 ## - TITLE STATEMENT
Title Process Planning and Cost Estimation.
250 ## - EDITION STATEMENT
Edition statement 2nd Ed.
260 ## - PUBLICATION, DISTRIBUTION, ETC.
Place of publication, distribution, etc. New Delhi,
Name of publisher, distributor, etc. New age International Limited, publishers,
Date of publication, distribution, etc. 2009.
300 ## - PHYSICAL DESCRIPTION
Extent xx,229p.: Ill.;figures
Other physical details Index
Dimensions 23cm.
700 ## - ADDED ENTRY--PERSONAL NAME
Other authors/Editors ELANCHEZHIAN, C. & RAMNATH, B .V.
942 ## - ADDED ENTRY ELEMENTS (KOHA)
Source of classification or shelving scheme Dewey Decimal Classification
Koha item type Books
Holdings
Date last seen Total checkouts Full call number Barcode Cost, replacement price Price effective from Koha item type Lost status Source of classification or shelving scheme Damaged status Not for loan Withdrawn status Home library Current library Shelving location Date acquired Cost, normal purchase price
04/30/2025   658. 162 KES 0000007028 30000.00 04/30/2025 Books   Dewey Decimal Classification       College of Business Education Main Library College of Business Education Main Library General Collection 07/08/2016 10000.00
04/30/2025   658. 162 KES 0000007029 30000.00 04/30/2025 Books   Dewey Decimal Classification       College of Business Education Main Library College of Business Education Main Library General Collection 07/08/2016 10000.00
04/30/2025   658. 162 KES 0000007030 30000.00 04/30/2025 Books   Dewey Decimal Classification       College of Business Education Main Library College of Business Education Main Library General Collection 07/08/2016 10000.00
04/30/2025   658. 162 KES 0000007031 30000.00 04/30/2025 Books   Dewey Decimal Classification       College of Business Education Main Library College of Business Education Main Library General Collection 07/08/2016 10000.00
04/30/2025   658. 162 KES 0000007032 30000.00 04/30/2025 Books   Dewey Decimal Classification       College of Business Education Main Library College of Business Education Main Library General Collection 07/08/2016 10000.00
05/16/2025   658. 162 KES 0000009048 30000.00 05/16/2025 Books   Dewey Decimal Classification       College of Business Education Main Library College of Business Education Main Library General Collection 08/07/2016 10000.00